BAMBOOS

Bibliographic Details
Other Authors: DRANSFIELD, Widjaja
Format: Book
Published: Bogor, Indonesia : PROSEA , 1995
Series:Plant resources of South-East Asia ; n. 7
Subjects:

MARC

LEADER 00000cam a2200000 7i4500
001 0000001020
005 20011023.0
020 0 0 |a 9798316215 
090 0 0 |a R580   |b BAM 1995 
245 0 0 |a BAMBOOS   |c editors S. Dransfield and E. A. Widjaja 
260 0 0 |a Bogor, Indonesia :   |b PROSEA ,   |c 1995 
300 |a 189 p. :   |b ill., map ;   |c 26 cm. 
440 0 0 |a Plant resources of South-East Asia ; n. 7 
500 0 0 |a Bibliography : [p. 156-164] and index 
650 0 0 |a Bamboo 
650 0 0 |a Botany, Economic   |z Asia, Southeastern 
700 0 1 |a DRANSFIELD   |h Soejatmi 
700 0 1 |a Widjaja   |h E. A. 
998 |a JPSM 
999 |a 0000002551   |b Monograph   |c Reference   |e Default branch